000
00268nam a22001217a 4500
008
170616b xxu||||| |||| 00| 0 eng d
041
_a
eng
080
_a
32
100
_a
20
101
_a
SHP
245
_a
DEMOCRACY IN A REVOLUTION ERA
_c
WHEELER, H
942
_2
udc
_c
BK
999
_c
17757
_d
17757